La salud del adolescente y del joven (Registro nro. 13028)

Detalles MARC
000 -CABECERA
Longitud fija campo de control 00788cam a2200253 a 4500
001 - NÚMERO DE CONTROL
Número de control 2101521
003 - IDENTIFICADOR DELl NÚMERO DE CONTROL
Identificador del número de control OSt
005 - FECHA Y HORA DE LA ÚLTIMA TRANSACCIÓN
Fecha y hora de la última transacción 20140818145628.0
008 - CÓDIGOS DE INFORMACIÓN DE LONGITUD FIJA
Códigos de información de longitud fija 951211s1995 dcua b i000 0 spa
010 ## - NÚMERO DE CONTROL DE LA BIBLIOTECA DEL CONGRESO
Número de control de LC 95232919
020 ## - NÚMERO INTERNACIONAL NORMALIZADO PARA LIBROS
Número Internacional Normalizado para Libros (ISBN) 92-75-31552-3
040 ## - FUENTE DE LA CATALOGACIÓN
Centro transcriptor BMC
082 ## - NÚMERO DE LA CLASIFICACIÓN DECIMAL DEWEY
Númeroo de clasificación 613.0433
082 ## - NÚMERO DE LA CLASIFICACIÓN DECIMAL DEWEY
Númeroo de clasificación 155.5
245 03 - MENCIÓN DE TÍTULO
Título La salud del adolescente y del joven
Mención de responsabilidad, etc. editores, Matilde Maddaleno ... [et al.]
250 ## - MENCIÓN DE EDICIÓN
Mención de edición 1ª reimp
260 ## - PUBLICACIÓN, DISTRIBUCIÓN, ETC. (PIE DE IMPRENTA)
Lugar de publicación, distribución, etc. Washington
Nombre del editor, distribuidor, etc. Organización Panamericana de la Salud
Fecha de publicación, distribución, etc. 1996
300 ## - DESCRIPCIÓN FÍSICA
Extensión XIV, 572 p.
Otras características físicas il.
Dimensiones 25 cm
490 1# - MENCIÓN DE SERIE
Mención de serie Publicación científica / Organización Panamericana de la Salud
Designación de volumen o secuencia 552
650 24 - PUNTO DE ACCESO ADICIONAL DE MATERIA - TÉRMINO DE MATERIA
Término de materia o nombre geográfico como elemento inicial Adolescentes
Subdivisión de materia general Psicología
9 (RLIN) 5104
650 24 - PUNTO DE ACCESO ADICIONAL DE MATERIA - TÉRMINO DE MATERIA
9 (RLIN) 23917
Término de materia o nombre geográfico como elemento inicial Adolescentes
Subdivisión de materia general Salud e higiene
700 1# - PUNTO DE ACCESO ADICIONAL - NOMBRE DE PERSONA
Nombre de persona Maddaleno, Matilde
9 (RLIN) 23916
942 ## - ENTRADA DE ELEMENTOS AGREGADOS (KOHA)
Fuente de clasificaión o esquema Dewey Decimal Classification
Koha [por defecto] tipo de item 1- Monografias
Existencias
Suprimido Perdido Fuente de clasificación o esquema Estropeado Restricciones de uso No para préstamo Código de colección Localización permanente Localización actual Localización en estanter&íacute;as Fecha adquisición Fuente de adquisición Número de inventario Préstamos totales Signatura completa Código de barras Fecha última consulta Coste, precio reemplazado Fecha del precio de reemplazo Tipo de item de Koha Renovaciones totales Fecha último préstamo
NULL NULL Dewey Decimal Classification NULL Prestable NULL NULL Biblioteca Miguel de Cervantes - UNICAES Biblioteca Miguel de Cervantes - UNICAES Sala Principal 15/08/2014 Donación - Facultad de Ciencias y Humanidades 020517   613.0433 SAL 1020873 15/08/2014 22.00 15/08/2014 1- Monografias    
NULL NULL Dewey Decimal Classification NULL Prestable NULL NULL Biblioteca Miguel de Cervantes - UNICAES Biblioteca Miguel de Cervantes - UNICAES Sala Principal 16/08/2014 Donación - Facultad de Ciencias y Humanidades 020539 4 613.0433 SAL 1020896 31/10/2016 22.00 16/08/2014 1- Monografias 1 28/10/2016